Landen van Europa in 1360 met Kaart - Statistieken

Algemene statistieken
  • Deze quiz is 755 keer genomen
  • De gemiddelde score is 65 van 635
Antwoorden op de kaart
Antwoorden kleurgecodeerd door een groen-rode schaal op de quizkaart volgens % correct hieronder.
 
Antwoordstatistieken
Landen % Correct
Noorwegen
88%
Zweden
86%
Schotland
80%
Denemarken
79%
Engeland
77%
Portugal
77%
Polen
62%
Hongarije
61%
Holland
60%
Byzantijnse Rijk
59%
Friesland
58%
Frankrijk (Kroondomein)
56%
Wales
56%
Litouwen
52%
Servië
52%
Sicily
52%
Brabant
50%
Ottomaanse Beilik
49%
Vlaanderen
49%
Napels
47%
Tarnovo
47%
Gelre
46%
Utrecht
45%
Venetië
44%
Andorra
43%
Athene
43%
Beieren-München
43%
Oostenrijk
43%
Zeeland
43%
Moskou
42%
Alba
41%
Aragón
41%
Hamburg
41%
Bosnië
39%
San Marino
39%
Albanië (Koninkrijk)
37%
Albanië (Vorstendom)
37%
Luxemburg
37%
Bretagne
35%
Milaan
35%
Monaco
35%
Beieren-Landshut
34%
Beieren-Straubing
34%
Bourgondië (Graafschap)
34%
Bourgondië (Hertogdom)
33%
Castilië
33%
Genua
33%
Bremen (Aartsbisdom)
32%
Bremen (Vrije Rijksstad)
32%
Kiev
32%
Moldavië
31%
Kerkelijke Staat
30%
Nizjni Novgorod-Soezdal
30%
Novgorod
30%
Novgorod-Siversky
30%
Brandenburg (Keurvorstendom)
29%
Brandenburg (Prinsbisdom)
29%
Frankfurt
29%
Keulen (Keurvorstendom)
28%
Keulen (Vrije Rijksstad)
28%
Granada
27%
Luik
27%
Riga (Aartsbisdom)
27%
Riga (Stad)
27%
Saksen
27%
Duitse Orde
25%
Munster (Iers Koninkrijk)
25%
Münster (Prinsbisdom)
25%
Munster (Vrije Rijksstad)
25%
Aken
24%
Bar
24%
Florence
24%
Provence
24%
Witte Horde
24%
Béarn
23%
Blauwe Horde
23%
Bohemen
23%
Gotland
23%
Baden
22%
Genéve (County)
22%
Genéve (Prinsbisdom)
22%
Henegouwen
22%
Navarra
22%
Salzburg
22%
Tirol
22%
Württemberg
22%
Anhalt
21%
Bern
21%
Pisa
21%
Berg
20%
Dresden
20%
Lübeck (Prinsbisdom)
20%
Lübeck (Vrije Rijksstad)
20%
Zurich
20%
Augsburg (Prinsbisdom)
19%
Augsburg (Vrije Rijksstad)
19%
Moravië
19%
Nassau
19%
Oldenburg
19%
Pommeren-Stettin
19%
Pommeren-Wolgast
18%
Sleeswijk
18%
Hessen
17%
Lyon
17%
Mainz
17%
Mazovië
17%
Perm
17%
Verona
17%
Artesië
16%
Bologna
16%
Kiel
16%
Man
16%
Thuringen
16%
Ulm
16%
Walachije
16%
Dortmund
15%
Lijflandse Orde
15%
Aalen
14%
Anjou
14%
Essen
14%
Karinthië
14%
Lotharingen
14%
Metz (Prinsbisdom)
14%
Metz (Vrije Rijksstad)
14%
Modena
14%
Straatsburg (Prinsbisdom)
14%
Straatsburg (Vrije Rijksstad)
14%
Trier
14%
Bazel (Prinsbisdom)
13%
Bazel (Vrije Rijksstad)
13%
Orange
13%
Siena
13%
Auvergne
12%
Fribourg
12%
Lippe
12%
Loon
12%
Lucca
12%
Nevers
12%
Osnabrück
12%
Regensburg (Prinsbisdom)
12%
Regensburg (Vrije Rijksstad)
12%
Rostov
12%
Saarbrücken
12%
Stavelot-Malmedy
12%
Toul (Prinsbisdom)
12%
Toul (Vrije Rijksstad)
12%
Breslau
11%
Hall
11%
Hohenzollern
11%
Namur
11%
Pskov
11%
Ragusa
11%
Savoye
11%
Triëst
11%
Visby
11%
Biel
10%
Clanricarde
10%
Desmond
10%
Gulik
10%
Kleef
10%
Lausanne
10%
Lüneburg
10%
Luzern
10%
Maagdenburg
10%
Neurenberg (Burggraafschap)
10%
Neurenberg (Vrije Rijksstad)
10%
Orde van Sint-Jan
10%
Passau
10%
Piëmont
10%
Schwerin (Graafschap)
10%
Schwerin (Prinsbisdom)
10%
Speyer (Prinsbisdom)
10%
Speyer (Vrije Rijksstad)
10%
Stiermarken
10%
Tyrone
10%
Würzburg
10%
Alanië
9%
Bamberg
9%
Cambrai
9%
Cuijk
9%
Foix
9%
Palts
9%
Rimini
9%
Tver
9%
Verdun
9%
Alençon
8%
Ancona
8%
Aquileia
8%
Avar
8%
Besançon
8%
Bourbonnais
8%
Chur
8%
Circassië
8%
Connacht
8%
Goslar
8%
Halland
8%
Jaroslavl
8%
Mayo
8%
Mulhouse
8%
Padua
8%
Ravenna
8%
Schwyz
8%
Smolensk
8%
Thomond
8%
Trente
8%
Uri
8%
Wallis
8%
Worms (Prinsbisdom)
8%
Worms (Vrije Rijksstad)
8%
Abergavenny
7%
Aghul
7%
Ahaus
7%
Akhty
7%
Apremont
7%
Arborea
7%
Arezzo
7%
Arnsberg
7%
Bentheim
7%
Blois
7%
Brixen
7%
Cammin
7%
Clermont
7%
Dithmarschen
7%
Dorpat
7%
Ferrara
7%
Kildare
7%
Koerland
7%
Konstanz (Prinsbisdom)
7%
Konstanz (Vrije Rijksstad)
7%
Krain
7%
Maine
7%
Mantua
7%
Meißen (Burggraafschap)
7%
Meißen (Markgraafschap)
7%
Ormond
7%
Paderborn
7%
Powys
7%
Prüm
7%
Sankt Gallen
7%
Tyrconnell
7%
Urbino
7%
Waldeck
7%
Achaje
6%
Angelokastro en Lepanto
6%
Arenberg
6%
Arta
6%
Auxerre
6%
Caus
6%
Chiny
6%
Colmar
6%
Freising
6%
Mark
6%
Minden
6%
Ravensberg
6%
Ravensburg
6%
Rethel
6%
Reutlingen
6%
Teschen
6%
Theodoro
6%
Zeta
6%
Alty
5%
Belluno
5%
Beloozero
5%
Berat
5%
Berchtesgaden
5%
Berry
5%
Beuren
5%
Bourges
5%
Braničevo
5%
Breisgau
5%
Brzeg
5%
Caerleon
5%
Caldecote
5%
Castell
5%
Celje
5%
Cemais
5%
Chepstow
5%
Chirk
5%
Clun
5%
Couto Misto
5%
Culm
5%
Empúries
5%
Ermland
5%
Forez
5%
Fulda
5%
Gorizia
5%
Göttingen
5%
Gruyères
5%
Hanau
5%
Heinsberg
5%
Homburg
5%
Hoorn
5%
Iașilor
5%
Iveagh
5%
Kempten (Abdij)
5%
Kempten (Vrije Rijksstad)
5%
Kornelimünster
5%
La Marche
5%
Langres
5%
Lauenburg
5%
Lindau (Graafschap)
5%
Lindau (Vrije Rijksstad)
5%
Lubin
5%
Mâcon
5%
Manderscheid
5%
Montferrat
5%
Narbonne
5%
Naumburg
5%
Naxos
5%
Neuchâtel
5%
Opava
5%
Opole
5%
Ösel-Wiek
5%
Oswiecim
5%
Pallars Sobirà
5%
Pavia
5%
Perugia
5%
Pomesanië
5%
Pyrmont
5%
Reggio
5%
Rijk van Simeon Uroš
5%
Rochefort
5%
Rothenburg
5%
Saluzzo
5%
Samogitië
5%
Schaumberg
5%
Schweidnitz
5%
Sion
5%
Stargard
5%
Teck
5%
Tecklenburg
5%
Toggenburg
5%
Tübingen
5%
Urgell
5%
Vidin
5%
Vladimir
5%
Vogtland
5%
Wetzlar
5%
Wolfenbüttel
5%
Żagań
5%
Ziebice
5%
Zug
5%
Zweibrücken
5%
Zweifalten
5%
Badenweiler
4%
Bârlad
4%
Beichlingen
4%
Belmont
4%
Biberach
4%
Blamont
4%
Bopfingen
4%
Bromfield en Yale
4%
Bruchhausen
4%
Buchau
4%
Buchhorn
4%
Builth
4%
Burgau
4%
Clifford
4%
Colditz
4%
Comminges
4%
Corvey
4%
Couserans
4%
Disentis
4%
Doria
4%
Edingen
4%
Eichstätt
4%
Gersau
4%
Glamorgan
4%
Glarus
4%
Gower
4%
Grubenhagen
4%
Haguenau
4%
Hawarden
4%
Hay
4%
Hayingen
4%
Hildesheim
4%
Hohenlimburg
4%
Hohnstein
4%
Hoya
4%
Inowrocław
4%
Is Cennen
4%
Lebus
4%
Liegnitz
4%
Moki
4%
Montbeliard
4%
Mühlhausen
4%
Murten
4%
Nidwalden
4%
Nördlingen
4%
Obernai
4%
Obwalden
4%
Offenburg
4%
Olesnica
4%
Perche
4%
Pitigliano
4%
Poljica
4%
Püttlingen
4%
Querfurt
4%
Ratzeburg
4%
Rendsburg
4%
Rijngraafschap
4%
Rjazan
4%
Ruppin
4%
Salm
4%
Sargans
4%
Schwarzburg
4%
Sint-Blasius
4%
Sint-Mauritius
4%
Şirvan
4%
Solms
4%
Solothurn
4%
Spiegelberg
4%
Stapleton
4%
St Clears
4%
Stolberg
4%
Stühlingen
4%
Tabassaran
4%
Tarente
4%
Tarki
4%
Tonnerre
4%
Usk
4%
Verden
4%
Veringen
4%
Wernigerode
4%
Ziegenhain
4%
Bitche
3%
Blankenburg
3%
Bolokhovenen
3%
Brecon
3%
Camerino
3%
Cantref Bychan
3%
Carnwyllion
3%
Cilgerran
3%
Cittá di Castello
3%
Clandeboye
3%
Clavesana
3%
Dagsburg
3%
Delmenhorst
3%
Didoya
3%
Diepholz
3%
Dinkelsbühl
3%
Dobroedzja
3%
Dohna
3%
Donauwörth
3%
Dreux
3%
Durdzuki
3%
Eberstein
3%
Elfael
3%
Ellwangen
3%
Engelburg
3%
Esslingen
3%
Everstein
3%
Évreux
3%
Falkenstein
3%
Fénétrange
3%
Fermo
3%
Finale
3%
Fleckenstein
3%
Flenkenstein
3%
Flint
3%
Fosdinovo
3%
Friedburg
3%
Fürstenberg
3%
Gelnhausen
3%
Gleichen
3%
Glens
3%
Goldegg
3%
Hachberg
3%
Halberstadt
3%
Hansca
3%
Hattstatt
3%
Havelsburg
3%
Haverford
3%
Heiligenberg
3%
Helfenstein
3%
Hellenstein
3%
Henneberg
3%
Hohenberg
3%
Hohengeroldseck
3%
Hohenlohe
3%
Hopedale
3%
Höwen
3%
Huntingdon
3%
Imola
3%
Isenburg
3%
Jelets
3%
Kaitak
3%
Katzenelnbogen
3%
Kayserberg
3%
Kevernburg
3%
Kidwelly
3%
Kirchberg
3%
Kling
3%
Koera
3%
Königsegg
3%
Kozelsk
3%
Lakië
3%
Laufenburg
3%
Laugharne
3%
Leuchtenberg
3%
Leutkirch
3%
Lichtenberg
3%
Limpurg
3%
Llansteffan
3%
Llawhaden
3%
Löwenstein
3%
Lützelstein
3%
Maelor Saesneg
3%
Malaspina
3%
Mansfeld
3%
Memmingen
3%
Merseburg
3%
Misox
3%
Moerom
3%
Monmouth
3%
Montfort
3%
Mosbach
3%
Narberth
3%
Nellenburg
3%
Neopatras
3%
Neuenahr
3%
Noli
3%
Nordhausen
3%
Novosil
3%
Nysa
3%
O'Cahan
3%
Ochsenhausen
3%
Oriel
3%
Orlamünde
3%
Ortenburg
3%
Öttingen
3%
Ottobeuren
3%
Ovruch
3%
Payerne
3%
Pebidiog
3%
Pembroke
3%
Pesaro
3%
Pfullendorf
3%
Pronsk
3%
Putivl
3%
Radnor
3%
Rappolstein
3%
Raugraafschap
3%
Richard's Castle
3%
Rieneck
3%
Rietberg
3%
Roetoel
3%
Rosheim
3%
Rottenmünster
3%
Rottweil
3%
Rylsk
3%
Saarwerden
3%
Salem
3%
Samland
3%
Sayn
3%
Schlettstadt
3%
Schönburg
3%
Schussenried
3%
Schweinfurt
3%
Scinawa
3%
Simsir
3%
Sovana
3%
Sponheim
3%
Stauferstadt
3%
Sundgouw
3%
Toropets
3%
Trakai
3%
Tregrug
3%
Truhendingen
3%
Turckheim
3%
Überlingen
3%
Urseren
3%
Valona
3%
Vaudémont
3%
Veldenz
3%
Ventimiglia
3%
Waldburg
3%
Waldenburg
3%
Walkenried
3%
Wangen
3%
Weggis
3%
Weingarten
3%
Weißenburg
3%
Werdenburg
3%
Werle
3%
Wertheim
3%
Wied
3%
Wigmore
3%
Wildenburg
3%
Wimpfen
3%
Windsheim
3%
Wissembourg
3%
Wittgenstein
3%
Zvenigorod
3%
Denbigh
2%
Dobrzyń
2%
Dyffryn Clwyd
2%
Erbach
2%
Ewyas
2%
Fermanagh
2%
Giengen
2%
Hersfeld
2%
Murbach
2%
Rzjev
2%
Schwalenberg
2%
Senàrica
2%
Sirichgaran
2%
Sjoeja
2%
Soroca
2%
Tarusa
2%
Torzjok
2%
Weil
2%
Westerburg
2%
Wunstorf
2%
Blaenllynfi
1%
Cwmwd Deuddwr
1%
Emlyn
1%
Eschenbach
1%
Galich-Mersky
1%
Gengenbach
1%
Glogow
1%
Gwrtheyrnion
1%
Gwynllwg
1%
Leiningen
1%
Leisnig
1%
Maelienydd
1%
Mezetsk
1%
Oswestry
1%
Sausenburg
1%
Schauenburg
1%
Trelech
1%
Tresana
1%
Ystlwyf
1%
Vyazemskoy
0%
Zaozyorye
0%
Geen overeenkomende quizzen gevonden
Scoreverdeling
Procent van Mensen met Elke Score
Percentiel versus Aantal Correcte Antwoorden
Uw Scoregeschiedenis
U heeft deze quiz nog niet genomen